Statistics for Maze Runner Quotes

Click here to take the quiz!

General Stats

  • This quiz has been taken 135 times
  • The average score is 11 of 13

Answer Stats

Quote Answer % Correct
I promised I'd save him, take him home! I promised him!Thomas
98%
If you ain’t scared… you ain’t human.Alby
98%
It was you and me, Tom. We did this to them. To us.Teresa
92%
What if we were sent here for a reason?Teresa
91%
You are the shuckiest shuck faced shuck in the world!Minho
91%
I just...feel like I need to save everyone. To redeem myself.Thomas
90%
Just follow me and run like your life depends on it. Because it does.Minho
88%
He hated the people who'd taken this poor, innocent kid form his family. He hated them with a passion he didn't know a human could feel. He wanted them dead, tortured, even. He wanted Chuck to be happy. But happiness had been ripped form their lives. Love had been ripped from their lives.Thomas
88%
Can’t take a chance that one day, in one spot, somewhere, an exit might appear. We can’t give up. Ever.Minho
79%
Ah, my Knight in Shining Armor. What, you don't think I can fend for myself?Teresa
78%
Breadcrumbs. I'm Hansel, you're GretelMinho
74%
Avoiding other people was his new goal in life.Thomas
74%
Quit voting me down before you even think about what I'm saying.Gally
74%

Score Distribution

Percentile by Number Answered

Percent of People with Each Score

Your Score History

You have not taken this quiz